000 00348nam a22001217a 4500
020 _a978812651239
082 _222
_a005.133
100 _aSirovich, laimie and Darie, Cristan.
245 _aProfessional search engine optimization with PHP /
260 _aNew Delhi,
_bJohn Wiley,
_cc2007.
300 _axxi, 360p. ;
_bill. ;
_c24 cm.
942 _2ddc
_cIT
_02
999 _c553
_d553